Africa by Any 2 Letters Blitz Quiz Stats

Quiz Updated Apr 28, 2017

Challenge
Share
Tweet
Score 0/54 Timer 00:30
77 Plays Today
% Correct
São Tomé & Prín.
99.4%
Equatorial Guinea
99.2%
CAR
98.9%
Guinea-Bissau
98.8%
Sierra Leone
98.6%
South Africa
98.5%
DRC
98.4%
Somalia
98.3%
Burkina Faso
98%
The Gambia
97.9%
Rep. of Congo
97.7%
Swaziland
97.3%
Cameroon
97.2%
Algeria
96.8%
South Sudan
96.6%
Senegal
96.4%
Mauritania
96.4%
Guinea
96.4%
Nigeria
96.4%
Mozambique
96.2%
Tunisia
95.3%
Mauritius
94.6%
Malawi
93.9%
Namibia
93.8%
Botswana
93.3%
Mali
93.2%
Liberia
92.9%
% Correct
Madagascar
91.4%
Zimbabwe
91.3%
Comoros
89.9%
Tanzania
89.6%
Niger
89.6%
Zambia
88.7%
Libya
88.7%
Egypt
88.4%
Lesotho
88.2%
Cote d'Ivoire
87.9%
Cabo Verde
87.3%
Sudan
87.3%
Angola
85.4%
Ethiopia
85%
Eritrea
82.6%
Uganda
82.4%
Morocco
81.8%
Kenya
79%
Ghana
77.6%
Gabon
77.3%
Chad
75.1%
Rwanda
73.4%
Seychelles
73.1%
Djibouti
72.3%
Benin
69.7%
Burundi
68.5%
Togo
50.3%

You're not logged in!

Compare scores with friends on all Sporcle quizzes.
Sign Up with Email
OR
Log In

You Might Also Like...

Show Comments

Extras

Top Quizzes Today


Score Distribution

Your Account Isn't Verified!

In order to create a playlist on Sporcle, you need to verify the email address you used during registration. Go to your Sporcle Settings to finish the process.